Les 100 Plus Grandes Villes de France - Statistiques

Statistiques générales
  • Ce quiz a été pris 85 fois
  • Le résultat moyen est 37 sur 100
Statistiques - réponses
Population Ville % Correct
1.7m Marseille
100%
11.4m Paris
100%
1.1m Lille
95%
1.8m Lyon
94%
492,925 Strasbourg
94%
1.1m Toulouse
94%
716,952 Nantes
92%
1.0m Bordeaux
89%
1.0m Nice
87%
490,812 Montpellier
83%
374,366 Rennes
83%
140,064 Brest
81%
105,354 Caen
71%
116,429 Metz
68%
170,147 Le Havre
67%
147,931 Saint-Denis
67%
182,460 Reims
65%
152,960 Angers
63%
143,886 Clermont-Ferrand
62%
120,158 Perpignan
62%
481,335 Rouen
62%
596,228 Toulon
62%
104,286 Nancy
60%
383,621 Saint-Etienne
60%
371,872 Tours
60%
547,057 Grenoble
59%
150,610 Nimes
59%
156,920 Dijon
54%
116,685 Orleans
54%
71,287 Dunkerque
52%
134,057 Amiens
51%
75,735 La Rochelle
46%
57,149 Lorient
46%
142,946 Le Mans
44%
132,175 Limoges
43%
88,291 Poitiers
43%
62,985 Quimper
43%
126,924 Annecy
41%
77,130 Pau
41%
96,990 Roubaix
41%
147,712 Villeurbanne
40%
73,868 Cannes
38%
109,443 Mulhouse
38%
85,862 Versailles
38%
142,482 Aix-en-Provence
37%
73,911 Calais
37%
63,714 Valence
37%
115,934 Besancon
35%
60,105 Colmar
32%
95,105 Nanterre
32%
486,710 Avignon
30%
109,897 Montreuil
30%
61,652 Troyes
29%
97,368 Tourcoing
27%
70,659 Ajaccio
25%
77,177 Beziers
25%
120,071 Boulogne-Billancourt
25%
90,605 Creteil
25%
86,375 Aubervilliers
21%
64,551 Bourges
21%
58,919 Chambery
21%
57,482 Pantin
21%
69,993 Saint-Nazaire
21%
56,254 Beauvais
19%
183,430 Cergy-Pontoise
19%
58,707 Niort
19%
72,999 Antibes
17%
110,210 Argenteuil
17%
346,237 Valenciennes
17%
65,177 Cergy
16%
68,451 Issy-les-Moulineaux
16%
61,070 Clichy
13%
60,810 Montauban
13%
60,361 Neuilly-sur-Seine
13%
65,894 Venissieux
13%
63,408 Villeneuve-d'Ascq
13%
55,588 Hyeres
11%
70,105 Merignac
11%
63,808 Pessac
11%
93,557 Vitry-sur-Seine
11%
85,740 Aulnay-sous-Bois
10%
84,212 Saint-Pierre
10%
58,587 Sarcelles
10%
71,318 Drancy
8%
56,783 Le Blanc-Mesnil
8%
78,152 Rueil-Malmaison
8%
85,191 Asnieres-sur-Seine
6%
85,177 Colombes
6%
81,719 Courbevoie
6%
68,183 Noisy-le-Grand
6%
62,570 Antony
5%
77,630 Champigny-sur-Marne
5%
62,052 Ivry-sur-Seine
5%
64,379 Levallois-Perret
5%
55,084 Epinay-sur-Seine
3%
366,909 Bethune
2%
63,936 Le Seyne-sur-Mer
0%
55,655 Maisons-Alfort
0%
74,859 Saint-Maure-des-Fosses
0%
146,598 Saint-Quentin-en-Yvelines
0%
Aucun quiz correspondant
Distribution des résultats
% des personnes avec chaque résultat
Percentile par nombre de réponses
Votre historique - résultats
Vous n’avez pas pris ce quiz